Score 0/13 Timer 02:00
29 Plays Today
% Correct
France
94.9%
Sweden
93.4%
Finland
90.7%
Poland
88.2%
Denmark
85.9%
Ukraine
85.8%
Netherlands
81.9%
Austria
81.2%
Iceland
81%
Monaco
63.7%
Indonesia
61%
Peru
55.4%
Costa Rica
46.2%
Remove Ads.
Support Sporcle.
Get the best of Sporcle when you Go Orange. This ad-free experience offers more features, more stats, and more fun while also helping to support Sporcle. Thank you for becoming a member.

You're not logged in!

Compare scores with friends on all Sporcle quizzes.
OR
Log In

Show Comments

Extras

Top Quizzes Today


Score Distribution

Your Account Isn't Verified!

In order to create a playlist on Sporcle, you need to verify the email address you used during registration. Go to your Sporcle Settings to finish the process.

Report this User

Report this user for behavior that violates our Community Guidelines.

Details: